[Event "WYb18"]
[Site "Heraklio GRE"]
[Date "2002.11.15"]
[Round "1"]
[White "Bu Xiangzhi"]
[Black "Mihailidis,A"]
[Result "1-0"]
[WhiteElo "2601"]
[BlackElo "2205"]
[EventDate "2002.11.15"]

1. d4 d5 2. c4 e6 3. Nc3 Nf6 4. Bg5 c6 5. e3 Nbd7 6. cxd5 exd5 7. Bd3 Be7
8. Nge2 Nh5 9. Bxe7 Qxe7 10. Qc2 Nb6 11. O-O-O g6 12. Kb1 Ng7 13. Ng3 h5
14. h4 Bd7 15. e4 dxe4 16. Ncxe4 Ne6 17. Rhe1 O-O-O 18. Ng5 Kb8 19. N3e4
Nxd4 20. Qc5 Qxc5 21. Nxc5 Be8 22. Re7 f6 23. Rxb7+ Ka8 24. Nf7 Bxf7 25.
Rxf7 Nb5 26. Rxf6 Rd5 27. Rc1 Re8 28. Bxg6 1-0

[Event "WYb18"]
[Site "Heraklio GRE"]
[Date "2002.11.15"]
[Round "1"]
[White "Izoria,Z"]
[Black "Franca,R"]
[Result "1-0"]
[WhiteElo "2572"]
[BlackElo "2186"]
[EventDate "2002.11.15"]

1. d4 Nf6 2. Nf3 g6 3. c4 Bg7 4. g3 O-O 5. Bg2 d6 6. O-O Nbd7 7. Nc3 e5 8.
e3 Nh5 9. e4 exd4 10. Nxd4 Ne5 11. b3 c5 12. Nde2 Rb8 13. h3 a6 14. a4 Nc6
15. Be3 Be6 16. Ra2 Qa5 17. Rd2 Qb4 18. Rb2 Na5 19. Qc2 b5 20. Rfb1 Nc6 21.
axb5 axb5 22. g4 Nf6 23. Nxb5 Qa5 24. Ra2 Qb6 25. Qd1 Nb4 26. Rd2 d5 27.
exd5 Bxd5 28. Bxd5 Nfxd5 29. Rxd5 Nxd5 30. Qxd5 1-0

[Event "WYb18"]
[Site "Heraklio GRE"]
[Date "2002.11.15"]
[Round "1"]
[White "Grachev,B"]
[Black "Smolen,J"]
[Result "1-0"]
[WhiteElo "2489"]
[BlackElo "2157"]
[EventDate "2002.11.15"]

1. d4 Nf6 2. c4 e6 3. Nf3 d5 4. Nc3 Be7 5. cxd5 exd5 6. Bg5 O-O 7. Qc2 c6
8. e3 Ne4 9. Bxe7 Qxe7 10. Bd3 f5 11. O-O Bd7 12. Ne5 Be8 13. f3 Nd6 14. e4
dxe4 15. fxe4 Nd7 16. Nxd7 Bxd7 17. e5 Nb5 18. Nxb5 cxb5 19. Bxf5 Bxf5 20.
Rxf5 Rxf5 21. Qxf5 Qb4 22. Rd1 Qxb2 23. Qf2 Qxf2+ 24. Kxf2 Rc8 25. Ke3 Kf7
26. Ke4 Ke7 27. Rd3 Rc2 28. Rg3 Kf7 29. Kd5 Rxa2 30. e6+ Ke8 31. Rxg7 b4
32. Rxb7 Ra5+ 33. Kd6 Ra6+ 34. Kd5 Rb6 35. Rxb6 1-0

[Event "WYb18"]
[Site "Heraklio GRE"]
[Date "2002.11.15"]
[Round "1"]
[White "Zhang Zhuoya"]
[Black "Paragua,M"]
[Result "0-1"]
[WhiteElo "2148"]
[BlackElo "2476"]
[EventDate "2002.11.15"]

1. d4 Nf6 2. c4 g6 3. Nf3 Bg7 4. g3 O-O 5. Bg2 d6 6. O-O Nbd7 7. Qc2 e5 8.
dxe5 dxe5 9. Nc3 c6 10. Rb1 Qe7 11. h3 h6 12. e4 Nc5 13. Ne1 Ne6 14. Be3
Nh5 15. Ne2 Ng5 16. Bxg5 hxg5 17. b4 Bf6 18. c5 Kg7 19. Nf3 g4 20. hxg4
Bxg4 21. Rfd1 Kg8 22. Nh2 Bc8 23. f4 Bg7 24. Rd6 Nf6 25. Rbd1 Re8 26. f5
gxf5 27. exf5 e4 28. g4 Nd5 29. Qc1 Qh4 30. b5 e3 31. bxc6 Be5 32. Nf3 Qf2+
33. Kh1 Kg7 34. Neg1 Rh8+ 35. Nh3 Rxh3+ 36. Bxh3 Qxf3+ 37. Bg2 Qg3 38. Kg1
Qf2+ 39. Kh1 Qh4+ 40. Kg1 Qh2+ 0-1

[Event "WYb18"]
[Site "Heraklio GRE"]
[Date "2002.11.15"]
[Round "1"]
[White "Zivanic,M"]
[Black "Karim,I"]
[Result "1-0"]
[WhiteElo "2426"]
[BlackElo "2092"]
[EventDate "2002.11.15"]

1. d4 g6 2. c4 Bg7 3. e4 d6 4. Nc3 c5 5. d5 e6 6. Nf3 Ne7 7. h4 exd5 8.
cxd5 Bg4 9. Qb3 O-O 10. Be2 Nd7 11. Bf4 Nc8 12. Nd2 Bxe2 13. Nxe2 b5 14. h5
Re8 15. hxg6 fxg6 16. Qh3 Nf8 17. Qg3 a6 18. Rb1 Ra7 19. Bg5 Qa5 20. a3 Rf7
21. O-O Nd7 22. b4 Qc7 23. Nf4 Nf8 24. bxc5 Qxc5 25. Rbc1 Qd4 26. Ne6 Nxe6
27. dxe6 Rff8 28. Qb3 Kh8 29. Rc7 Qe5 30. Qd5 Rxe6 31. Be3 Qxd5 32. exd5
Re5 33. Rfc1 Ne7 34. Bd4 Re2 35. Bxg7+ Kxg7 36. Nf3 Rf7 37. Nd4 Rexf2 38.
Ne6+ Kh6 39. Rxe7 Rxg2+ 40. Kxg2 Rxe7 41. Rh1+ 1-0

[Event "WYb18"]
[Site "Heraklio GRE"]
[Date "2002.11.16"]
[Round "2"]
[White "Maiorov,N"]
[Black "Harikrishna,P"]
[Result "1/2-1/2"]
[WhiteElo "2324"]
[BlackElo "2551"]
[EventDate "2002.11.15"]

1. d4 Nf6 2. c4 e6 3. Nc3 Bb4 4. Qc2 O-O 5. a3 Bxc3+ 6. Qxc3 d6 7. Bg5 h6
8. Bh4 g5 9. Bg3 Ne4 10. Qc2 f5 11. f3 Nxg3 12. hxg3 Qf6 13. e3 Nc6 14. Ne2
e5 15. O-O-O exd4 16. exd4 Bd7 17. Qd2 Rae8 18. Nc3 Ne7 19. Be2 c6 20. f4
g4 21. Rde1 Kg7 22. Kb1 Ng8 23. Bd1 Re7 24. Rxe7+ Qxe7 25. Re1 Qf7 26. c5
d5 27. Bc2 Re8 28. Re5 Ne7 29. Nd1 Ng6 30. Rxe8 Qxe8 31. Nf2 Qd8 32. Nd3
Bc8 1/2-1/2

[Event "WYb18"]
[Site "Heraklio GRE"]
[Date "2002.11.16"]
[Round "2"]
[White "Berkes,F"]
[Black "Sitnikov,A"]
[Result "1-0"]
[WhiteElo "2545"]
[BlackElo "2348"]
[EventDate "2002.11.15"]

1. e4 e6 2. d4 d5 3. Nd2 Nf6 4. e5 Nfd7 5. c3 c5 6. f4 Nc6 7. Ndf3 f5 8.
Bd3 cxd4 9. cxd4 Nb6 10. Ne2 Be7 11. a3 a5 12. O-O O-O 13. Kh1 a4 14. Bd2
Nc4 15. Bxc4 dxc4 16. Be3 Qb6 17. Qd2 Qa5 18. Nc3 Rd8 19. Qf2 Ra6 20. Rfd1
Bf8 21. Qe2 Ne7 22. Qxc4 b5 23. Qxb5 Qxb5 24. Nxb5 Rb6 25. Nc3 Rxb2 26.
Nxa4 Rb3 27. Bf2 Nd5 28. Nc5 Rc3 29. Be1 Rc2 30. Ba5 Re8 31. Rdc1 Rxc1+ 32.
Rxc1 Nxf4 33. a4 Bxc5 34. dxc5 Ba6 35. c6 Rc8 36. Nd4 Ne2 37. Nxe2 Bxe2 38.
c7 Kf7 39. Rc2 Ba6 40. Rd2 Ke8 41. Rd6 Bb7 42. Rxe6+ Kf7 43. Rd6 f4 44. Bb6
g5 45. Kg1 Ke7 46. h3 h5 47. Rg6 g4 48. hxg4 hxg4 49. Rxg4 Ke6 50. Rxf4
Kxe5 51. Rg4 Kf5 52. Rg7 Kf6 53. Bd4+ Ke6 54. a5 Kd6 55. Bb6 Ke6 56. Kf2
Kf6 57. Rd7 Rg8 58. g3 Rg4 59. Rd4 1-0

[Event "WYb18"]
[Site "Heraklio GRE"]
[Date "2002.11.16"]
[Round "2"]
[White "Paragua,M"]
[Black "Husnutdinov,D"]
[Result "1-0"]
[WhiteElo "2476"]
[BlackElo "2346"]
[EventDate "2002.11.15"]

1. e4 e5 2. Nf3 Nc6 3. d4 exd4 4. Nxd4 Bc5 5. Nxc6 Qf6 6. Qd2 dxc6 7. Nc3
Bd4 8. Bd3 Ne7 9. O-O Ng6 10. Nd1 O-O 11. Kh1 Ne5 12. Be2 Bb6 13. Qf4 Qe6
14. Qg3 Ng6 15. Bd3 Ne5 16. Be2 Ng6 17. Nc3 Bd4 18. f4 f5 19. b3 Qf6 20.
Bb2 Qe7 21. e5 Qf7 22. Bh5 a6 23. Rad1 Ba7 24. Nb1 Be6 25. Nd2 Rfd8 26. Nf3
Qe8 27. Ng5 Rxd1 28. Rxd1 Bc5 29. Bc1 a5 30. a4 Rb8 31. Qc3 b6 32. Qd3 Rc8
33. Qa6 Rb8 34. Qd3 Rc8 35. h3 Kh8 36. Kh2 Kg8 37. g4 fxg4 38. hxg4 Bd5 39.
c4 Bf7 40. Bb2 Qe7 41. Qf5 Rf8 42. Rd7 Bxc4 43. Rxe7 Rxf5 44. Re8+ Rf8 45.
Bxg6 Bxb3 46. Rxf8+ Kxf8 47. Nxh7+ 1-0

[Event "WYb18"]
[Site "Heraklio GRE"]
[Date "2002.11.16"]
[Round "2"]
[White "Laznicka,V"]
[Black "Arutunian,D"]
[Result "1-0"]
[WhiteElo "2319"]
[BlackElo "2449"]
[EventDate "2002.11.15"]

1. e4 c5 2. Nf3 Nc6 3. d4 cxd4 4. Nxd4 Nf6 5. Nc3 d6 6. Bc4 e6 7. O-O Be7
8. Bb3 O-O 9. Kh1 Na5 10. f4 Nxb3 11. axb3 a6 12. f5 Ne8 13. Qg4 Bf6 14.
Be3 Bd7 15. Rad1 Qe7 16. Bg1 g6 17. fxe6 fxe6 18. Nf3 Rc8 19. e5 dxe5 20.
b4 Bg7 21. Bc5 Rxc5 22. bxc5 Bc6 23. Ng5 Rf5 24. Nge4 Qf7 25. Qe2 Qe7 26.
b4 Qh4 27. Rf3 Nc7 28. Rh3 Qe7 29. Rhd3 h6 30. Nd6 Rf4 31. Nce4 Nd5 32. Rg3
g5 33. Qe1 Nf6 34. Nxf6+ Qxf6 35. Re3 Qg6 36. c4 Rh4 37. Qe2 Rf4 38. Re1
Rd4 39. b5 axb5 40. cxb5 Bd5 41. Ra3 g4 42. c6 bxc6 43. b6 Rb4 44. b7 Kh7
45. Ra4 Rb1 46. Re4 Bf8 47. Rxb1 Bxd6 48. b8=Q Bxb8 49. Rb7+ 1-0

[Event "WYb18"]
[Site "Heraklio GRE"]
[Date "2002.11.16"]
[Round "2"]
[White "L'Ami,E"]
[Black "Liascovich,L"]
[Result "1-0"]
[WhiteElo "2448"]
[BlackElo "2308"]
[EventDate "2002.11.15"]

1. e4 c5 2. Nf3 Nc6 3. d4 cxd4 4. Nxd4 Nf6 5. Nc3 g6 6. Nxc6 dxc6 7. Qxd8+
Kxd8 8. Bf4 Bg7 9. O-O-O+ Nd7 10. e5 Ke8 11. Re1 Nc5 12. Be3 Ne6 13. f4 f5
14. exf6 Bxf6 15. Ne4 Kf7 16. Bc4 Kg7 17. g4 h6 18. h4 Re8 19. Bxe6 Bxe6
20. g5 Bd5 21. Bf2 Rad8 22. Rhg1 hxg5 23. hxg5 b6 24. gxf6+ exf6 25. Nc3
Bf3 26. Rxe8 Rxe8 27. Re1 Rxe1+ 28. Bxe1 g5 29. fxg5 fxg5 30. Kd2 Kf6 31.
Ke3 Bh1 32. Ne4+ 1-0

[Event "WYb18"]
[Site "Heraklio GRE"]
[Date "2002.11.16"]
[Round "2"]
[White "Zhigalko,A"]
[Black "Acher,M"]
[Result "0-1"]
[WhiteElo "2446"]
[BlackElo "2308"]
[EventDate "2002.11.15"]

1. e4 e5 2. Nf3 Nc6 3. Bb5 a6 4. Ba4 Nf6 5. O-O Be7 6. Re1 b5 7. Bb3 d6 8.
c3 O-O 9. h3 Na5 10. Bc2 c5 11. d4 Nd7 12. Nbd2 exd4 13. cxd4 Nc6 14. d5
Nce5 15. Nxe5 Nxe5 16. a4 Rb8 17. axb5 axb5 18. f4 Ng6 19. Nf3 Bh4 20. Rf1
Bg3 21. f5 Ne5 22. Ng5 Nd7 23. Ra3 Be5 24. h4 c4 25. Rh3 b4 26. Nf3 Ra8 27.
Nxe5 Nxe5 28. h5 h6 29. Qd2 b3 30. f6 Bxh3 31. fxg7 Kxg7 32. Qxh6+ Kg8 33.
Rf6 Ng4 34. Qg5+ Kh8 35. Rh6+ Nxh6 36. Qxh6+ Kg8 37. Bb1 Qh4 38. e5 Qe1+
39. Kh2 Qxe5+ 40. Kxh3 f5 41. Bd2 Qxb2 42. Bxf5 Rxf5 43. Qg6+ Qg7 44. Qxf5
Rf8 45. Qe4 Qf7 0-1

[Event "WYb18"]
[Site "Heraklio GRE"]
[Date "2002.11.17"]
[Round "3"]
[White "Izoria,Z"]
[Black "Sadykov,R"]
[Result "1-0"]
[WhiteElo "2572"]
[BlackElo "2400"]
[EventDate "2002.11.15"]

1. d4 d5 2. c4 c6 3. Nf3 Nf6 4. e3 a6 5. Bd3 dxc4 6. Bxc4 e6 7. O-O b5 8.
Bd3 Nbd7 9. e4 c5 10. a4 b4 11. e5 Nd5 12. Ng5 Be7 13. Qh5 g6 14. Qh6 Bf8
15. Qh3 Be7 16. Bxg6 Nxe5 17. dxe5 fxg6 18. f4 Qb6 19. a5 Qc6 20. Nd2 Nxf4
21. Rxf4 Bxg5 22. Ne4 Bxf4 23. Nd6+ Kd7 24. Bxf4 Bb7 25. Rd1 Kc7 26. Bg5 h6
27. Bf6 Rh7 28. Rd2 Rf8 29. Qxe6 Kb8 30. b3 Rd7 31. h4 Ba8 32. Qg4 Rc7 33.
Qxg6 Qd7 34. Qxh6 Rg8 35. Qe3 Qg4 36. Bg5 Qe6 37. Rc2 Qd5 38. Rd2 Qe6 39.
Nc4 Bd5 40. Nb6 Bb7 41. Qh3 Qxh3 42. gxh3 Bc8 43. Rd6 Re8 44. Nxc8 Kxc8 45.
e6 c4 46. e7 Rexe7 47. Bxe7 Rxe7 48. bxc4 b3 49. Rd1 Re4 50. Rb1 Rxc4 51.
Rxb3 Rxh4 52. Kg2 Ra4 53. Rc3+ Kd7 54. Rc5 Ra3 55. h4 Ke7 56. h5 Kf7 57.
Rg5 Ra2+ 58. Kf3 Ra3+ 59. Ke4 Ra4+ 60. Kd3 Rh4 61. Kc3 Ke7 62. Kb3 Kd7 63.
Kc2 Ke7 64. Kd3 Kf7 65. Rc5 Ke7 66. Ke3 Kd6 67. Rg5 Ke7 68. Kf3 Kf7 69. Kg3
Rh1 70. Rc5 Ke7 71. Kg4 Kf7 72. Rc7+ Kg8 73. Ra7 Rg1+ 74. Kf5 Ra1 75. Kg6
Rg1+ 76. Kh6 Rg2 77. Rxa6 Kf7 78. Rb6 Ra2 79. a6 Kg8 80. Kg6 Rg2+ 81. Kf6
Ra2 82. Ke7 Kh7 83. Kd7 Rc2 84. Rc6 1-0

[Event "WYb18"]
[Site "Heraklio GRE"]
[Date "2002.11.17"]
[Round "3"]
[White "Drabke,L"]
[Black "Berkes,F"]
[Result "0-1"]
[WhiteElo "2374"]
[BlackElo "2545"]
[EventDate "2002.11.15"]

1. e4 e6 2. d4 d5 3. exd5 exd5 4. Nf3 Nc6 5. Bb5 a6 6. Bxc6+ bxc6 7. O-O
Bd6 8. Nc3 Ne7 9. Na4 O-O 10. Qe1 a5 11. Qc3 Nf5 12. Qd3 Nh4 13. Nxh4 Qxh4
14. g3 Qh3 15. Re1 Bf5 16. Qe2 h5 17. Nc3 h4 18. Be3 Rae8 19. Qf1 Qg4 20.
f3 Qg6 21. g4 Bxc2 22. Qf2 h3 23. Qh4 Qd3 24. Qf2 f5 25. Rac1 fxg4 26. f4
g5 27. Rxc2 gxf4 28. Rd1 Qxe3 0-1

[Event "WYb18"]
[Site "Heraklio GRE"]
[Date "2002.11.17"]
[Round "3"]
[White "Bellaiche,A"]
[Black "Paragua,M"]
[Result "0-1"]
[WhiteElo "2369"]
[BlackElo "2476"]
[EventDate "2002.11.15"]

1. e4 c5 2. Nf3 e6 3. d4 cxd4 4. Nxd4 a6 5. Bd3 Nf6 6. O-O d6 7. c4 Bd7 8.
Nc3 Nc6 9. Nxc6 Bxc6 10. Qe2 Be7 11. Rd1 Qb8 12. Bf4 Nd7 13. b4 b6 14. Rab1
Qc7 15. Rbc1 Bb7 16. c5 bxc5 17. bxc5 Nxc5 18. e5 Rd8 19. Qg4 O-O 20. Bh6
g6 21. Bxf8 Bxf8 22. exd6 Bxd6 23. Be2 Bxh2+ 24. Kh1 Rxd1+ 25. Nxd1 Bd6 26.
Bf3 f5 27. Qa4 Nxa4 28. Rxc7 Bxc7 29. Bxb7 Nc5 30. Bc6 Kf7 0-1

[Event "WYb18"]
[Site "Heraklio GRE"]
[Date "2002.11.17"]
[Round "3"]
[White "L'Ami,E"]
[Black "Petrosian,TL"]
[Result "1-0"]
[WhiteElo "2448"]
[BlackElo "2324"]
[EventDate "2002.11.15"]

1. e4 c5 2. Nf3 d6 3. d4 cxd4 4. Nxd4 Nf6 5. Nc3 g6 6. Be3 Bg7 7. f3 O-O 8.
Qd2 Nc6 9. Bc4 Bd7 10. O-O-O Qb8 11. Bb3 a5 12. a4 Nxd4 13. Bxd4 b5 14.
axb5 Bxb5 15. Nd5 Nxd5 16. Bxd5 Bxd4 17. Qxd4 Ra6 18. h4 Qb6 19. h5 Qxd4
20. Rxd4 Kg7 21. hxg6 hxg6 22. Bc4 Rb6 23. Bxb5 Rxb5 24. Rhd1 f5 25. b3
fxe4 26. Rxe4 Kf6 27. Kb2 Rh8 28. f4 Rh2 29. Rd2 g5 30. fxg5+ Rxg5 31. Rf2+
Rf5 32. Rxf5+ Kxf5 33. Rxe7 Rxg2 34. Ra7 d5 35. Rxa5 Ke4 36. b4 d4 37. Kb3
Rg1 38. Rc5 Rb1+ 39. Ka4 d3 40. cxd3+ Kd4 41. Kb5 Rh1 42. Kb6 Rh8 43. Rc7
1-0

[Event "WYb18"]
[Site "Heraklio GRE"]
[Date "2002.11.17"]
[Round "3"]
[White "Acher,M"]
[Black "Bartel,Mat"]
[Result "0-1"]
[WhiteElo "2308"]
[BlackElo "2440"]
[EventDate "2002.11.15"]

1. e4 e6 2. d4 d5 3. Nc3 Bb4 4. e5 c5 5. a3 Bxc3+ 6. bxc3 Qa5 7. Bd2 Ne7 8.
Qg4 Kf8 9. Nf3 Qa4 10. Be2 Qxc2 11. dxc5 Nd7 12. O-O Nxe5 13. Nxe5 Qxd2 14.
Qf3 f6 15. Bb5 Qg5 16. Nd7+ Kf7 17. Rfe1 Rd8 18. c6 bxc6 19. Ne5+ Kg8 20.
Nxc6 Nxc6 21. Bxc6 Rb8 22. c4 d4 23. Qd3 Qc5 24. Bf3 Rb6 25. Rab1 Ba6 26.
Rxb6 axb6 27. Be2 e5 28. Rb1 g6 29. Qb3 e4 30. Qxb6 Qxb6 31. Rxb6 d3 32.
Bd1 Bxc4 33. Rb4 Bd5 34. Kf1 Kf7 35. Ke1 Ke6 36. Kd2 f5 37. g3 g5 38. Rb6+
Ke5 39. a4 f4 40. Rb5 Kd4 41. Rb4+ Bc4 42. Bb3 e3+ 43. fxe3+ fxe3+ 44. Kd1
Kc3 45. Rxc4+ Kxb3 46. Re4 Kc3 47. Rxe3 Rb8 48. Ke1 Rb1+ 49. Kf2 Kc2 50.
Re8 d2 51. Rc8+ Kb2 52. Rb8+ Ka1 53. Rxb1+ Kxb1 0-1

[Event "WYb18"]
[Site "Heraklio GRE"]
[Date "2002.11.17"]
[Round "3"]
[White "Olsson,L"]
[Black "Werle,J"]
[Result "1/2-1/2"]
[WhiteElo "2291"]
[BlackElo "2434"]
[EventDate "2002.11.15"]

1. d4 Nf6 2. c4 e6 3. g3 d5 4. Bg2 dxc4 5. Nf3 Nc6 6. Qa4 Nd7 7. Qxc4 Nb6
8. Qd3 e5 9. Bg5 f6 10. Be3 Bb4+ 11. Nc3 exd4 12. Nxd4 Nxd4 13. Qxd4 Qxd4
14. Bxd4 c6 15. O-O-O Be6 16. a3 Be7 17. Kc2 O-O 18. e4 Nc4 19. f3 Rfd8 20.
Bf2 Na5 21. Rxd8+ Rxd8 22. Bxa7 Bb3+ 23. Kc1 Nc4 24. Bf1 Nxa3 25. bxa3
Bxa3+ 26. Kb1 Rd2 27. Be3 Rb2+ 28. Ka1 Rc2 29. Nd1 c5 30. Bh3 b5 31. f4 b4
32. e5 Bd5 33. Bf5 Ra2+ 34. Kb1 Re2 35. Rf1 c4 1/2-1/2

[Event "WYb18"]
[Site "Heraklio GRE"]
[Date "2002.11.17"]
[Round "3"]
[White "Utnasunov,A"]
[Black "Schneider,Dm"]
[Result "0-1"]
[WhiteElo "2307"]
[BlackElo "2401"]
[EventDate "2002.11.15"]

1. d4 d5 2. c4 e6 3. Nc3 c5 4. cxd5 exd5 5. Nf3 Nc6 6. e3 Nf6 7. Be2 cxd4
8. Nxd4 Bd6 9. O-O O-O 10. b3 a6 11. Bb2 Re8 12. Rc1 Bc7 13. Nxc6 bxc6 14.
Qc2 Qd6 15. g3 Bd7 16. Rfd1 h5 17. Bf3 Rac8 18. Ne2 Bb6 19. Nd4 Ne4 20.
Bxh5 Qh6 21. Qe2 c5 22. Nc2 d4 23. Bf3 Bb5 24. Qe1 Ng5 25. Bg2 Qh5 26. Qd2
Nf3+ 27. Bxf3 Qxf3 28. Ne1 Qf5 29. Ng2 Bc6 30. Qe2 Qe4 31. Qf1 dxe3 32.
fxe3 Rcd8 33. Rxd8 Rxd8 34. Bc3 c4 35. Bd4 Bxd4 36. exd4 Qxd4+ 37. Kh1 c3
38. h4 Qd2 0-1

[Event "WYb18"]
[Site "Heraklio GRE"]
[Date "2002.11.17"]
[Round "4"]
[White "Paragua,M"]
[Black "Flumbort,A"]
[Result "1/2-1/2"]
[WhiteElo "2476"]
[BlackElo "2446"]
[EventDate "2002.11.15"]

1. e4 c5 2. b3 Nc6 3. Bb2 e5 4. Bb5 d6 5. Ne2 Nf6 6. d3 g6 7. O-O Bg7 8.
Bxc6+ bxc6 9. h3 O-O 10. Nd2 Qe7 11. f4 exf4 12. Nxf4 d5 13. Qe1 d4 14. Nc4
Ba6 15. Qa5 Bxc4 16. bxc4 Nd7 17. Ba3 Bh6 18. Qc7 Rfc8 19. Qa5 Rcb8 20.
Rae1 Qd8 21. Qd2 Qh4 22. Kh2 Qg5 23. g3 Bg7 24. Qf2 Qe7 25. Ne2 Rb6 26. Rb1
Rab8 27. Rb3 Qe6 28. Bc1 Ra6 29. Bf4 Rxb3 30. axb3 Ra2 31. Nc1 Ra1 32. Qd2
Qe7 33. Kg2 Nf8 34. Ne2 Rxf1 35. Kxf1 Ne6 36. Qa5 Nxf4 37. Nxf4 Qg5 38. Qe1
Be5 39. Qf2 h5 40. h4 Qg4 41. Kg2 Bxf4 42. Qxf4 Qe2+ 43. Qf2 Qd1 44. Kh2
1/2-1/2

[Event "WYb18"]
[Site "Heraklio GRE"]
[Date "2002.11.17"]
[Round "4"]
[White "Lopez Silva,H"]
[Black "Harikrishna,P"]
[Result "1/2-1/2"]
[WhiteElo "2348"]
[BlackElo "2551"]
[EventDate "2002.11.15"]

1. e4 c5 2. Nf3 Nc6 3. d4 cxd4 4. Nxd4 Nf6 5. Nc3 e5 6. Ndb5 d6 7. Bg5 a6
8. Na3 b5 9. Bxf6 gxf6 10. Nd5 f5 11. c3 Bg7 12. exf5 Bxf5 13. Nc2 O-O 14.
Nce3 Be6 15. Bd3 f5 16. O-O Ra7 17. a4 b4 18. f4 e4 19. Bc4 bxc3 20. bxc3
Na5 21. Ba2 Kh8 22. Kh1 Rb7 23. Rb1 Rxb1 24. Qxb1 1/2-1/2

[Event "WYb18"]
[Site "Heraklio GRE"]
[Date "2002.11.17"]
[Round "4"]
[White "Petrosian,TL"]
[Black "Zivanic,M"]
[Result "1-0"]
[WhiteElo "2324"]
[BlackElo "2426"]
[EventDate "2002.11.15"]

1. e4 c5 2. Nc3 e6 3. f4 d5 4. Bb5+ Bd7 5. exd5 Bxb5 6. Nxb5 exd5 7. Qe2+
Be7 8. Qe5 Kf8 9. Nf3 Nc6 10. Qe2 c4 11. b3 Qb6 12. bxc4 Nf6 13. Ne5 a6 14.
Nc3 Rd8 15. Rb1 Qc7 16. cxd5 Nd4 17. Qc4 Qxc4 18. Nxc4 b5 19. Ne3 b4 20.
Ne2 Nxe2 21. Kxe2 Nxd5 22. Nxd5 Rxd5 23. a3 a5 24. axb4 axb4 25. Ra1 f6 26.
Ra8+ Rd8 27. Rxd8+ Bxd8 28. d4 Kf7 29. Bd2 Bb6 30. Kd3 Rd8 31. Be3 Rc8 32.
Rb1 Rc3+ 33. Kd2 Rc4 34. Rb3 Ba5 35. Kd3 Rc8 36. Bd2 Rb8 37. c3 Ke6 38. Rb1
Rd8 39. c4 Rb8 40. d5+ Kd6 41. f5 1-0

[Event "WYb18"]
[Site "Heraklio GRE"]
[Date "2002.11.17"]
[Round "4"]
[White "Laznicka,V"]
[Black "Shanava,K"]
[Result "0-1"]
[WhiteElo "2319"]
[BlackElo "2412"]
[EventDate "2002.11.15"]

1. e4 c5 2. Nf3 d6 3. d4 cxd4 4. Nxd4 Nf6 5. Nc3 a6 6. Be3 e5 7. Nb3 Be6 8.
Be2 Be7 9. O-O O-O 10. Qd2 Nc6 11. f3 Qc7 12. Rfd1 Rac8 13. Rac1 h6 14. Nd5
Bxd5 15. exd5 Nb8 16. c4 Rfd8 17. Bd3 b6 18. Bb1 Nbd7 19. Rc3 a5 20. Nc1
Nc5 21. Ne2 Bf8 22. Ng3 Re8 23. Nf5 Qd7 24. Kh1 h5 25. b3 g6 26. Ng3 Bg7
27. Ne4 Nfxe4 28. fxe4 Rf8 29. Rf1 Rce8 30. Bg1 Kh7 31. Rcf3 Bh6 32. Qf2
Kg7 33. a3 Rb8 34. Bc2 Bg5 35. Qe2 Na6 36. Qe1 Qc7 37. Qe2 Rb7 38. Rb1 Rfb8
39. Qd1 Ra8 40. Qe2 Rab8 41. Bf2 Qc8 42. Rf1 Rc7 43. Be1 Rbb7 44. Bb1 Nb8
45. Bd3 Ra7 46. Bf2 Rcb7 47. Bg1 Na6 48. Qb2 Nc5 49. Bc2 b5 50. cxb5 Rxb5
51. b4 axb4 52. axb4 Rab7 53. Qc3 Rxb4 54. Rxf7+ Rxf7 55. Rxf7+ Kxf7 56.
Qxb4 h4 57. h3 Qc7 58. Qc4 Qa5 59. Qf1+ Kg7 60. Qe2 Qa1 61. Kh2 Bf4+ 62.
Kh1 Qc1 63. Bd3 Bg3 64. Bc2 Qa1 65. Qf3 Qe1 66. Qd1 Qxd1 67. Bxd1 Nxe4 68.
Bc2 Nc3 69. Bb3 Kf6 70. Ba7 Kf5 71. Kg1 e4 72. Kf1 Ke5 73. Be3 Nxd5 74. Bh6
Kd4 75. Ba4 Nc3 76. Bd7 e3 0-1

[Event "WYb18"]
[Site "Heraklio GRE"]
[Date "2002.11.17"]
[Round "4"]
[White "Sadykov,R"]
[Black "Li Bo"]
[Result "1/2-1/2"]
[WhiteElo "2400"]
[BlackElo "2295"]
[EventDate "2002.11.15"]

1. e4 c6 2. d4 d5 3. Nd2 dxe4 4. Nxe4 Bf5 5. Ng3 Bg6 6. Nf3 Nd7 7. h4 h6 8.
h5 Bh7 9. Bd3 Bxd3 10. Qxd3 e6 11. Bd2 Ngf6 12. O-O-O Qc7 13. Ne4 Be7 14.
c4 O-O 15. Kb1 Rad8 16. Qe2 Rfe8 17. Bc3 b5 18. Nxf6+ Bxf6 19. cxb5 cxb5
20. Qxb5 Rb8 21. Qd3 Nb6 22. Ba5 Qb7 23. Bxb6 Qxb6 24. Rd2 Red8 25. Qc3
Rbc8 26. Qe3 Rd5 27. g4 Rcd8 28. Rhd1 Qd6 29. a3 a5 30. Ka2 Rb5 31. Qe4 Rd5
1/2-1/2

[Event "WYb18"]
[Site "Heraklio GRE"]
[Date "2002.11.18"]
[Round "5"]
[White "Izoria,Z"]
[Black "Paragua,M"]
[Result "1-0"]
[WhiteElo "2572"]
[BlackElo "2476"]
[EventDate "2002.11.15"]

1. d4 Nf6 2. Nf3 g6 3. c4 Bg7 4. g3 O-O 5. Bg2 d6 6. O-O c6 7. Nc3 Qa5 8.
e4 Bg4 9. h3 Bxf3 10. Bxf3 Nfd7 11. Rb1 c5 12. d5 a6 13. Be2 Nf6 14. a4 Qd8
15. Bg5 e6 16. Qc2 exd5 17. exd5 Nbd7 18. Rbe1 Re8 19. Bd2 Re7 20. Bd1 Ne5
21. b3 h6 22. f4 Ned7 23. Rxe7 Qxe7 24. Re1 Qf8 25. a5 Re8 26. Bf3 Rxe1+
27. Bxe1 Qe7 28. Qe2 Qd8 29. Na4 Ne8 30. Be4 Kf8 31. Bc2 Bd4+ 32. Kg2 Qf6
33. Bd2 Ng7 34. g4 Qe7 35. Qxe7+ Kxe7 36. Kf3 f5 37. Nc3 Kf7 38. Ne2 fxg4+
39. hxg4 Bf6 40. Ng3 Be7 41. Bd3 Ne8 42. Bf1 Nef6 43. Bc3 Nh7 44. Bh3 g5
45. Bf1 gxf4 46. Kxf4 Bg5+ 47. Kf3 Bf6 48. Bxf6 Kxf6 49. Nf5 Ng5+ 50. Kf4
Nf7 51. Nxh6 b6 52. Nxf7 Kxf7 53. axb6 Nxb6 54. Kf5 Nd7 55. g5 Nf8 56. Be2
Kg7 57. Bh5 a5 58. Be8 Nh7 59. g6 Nf6 60. Ba4 1-0

[Event "WYb18"]
[Site "Heraklio GRE"]
[Date "2002.11.18"]
[Round "5"]
[White "Flumbort,A"]
[Black "Bartel,Mat"]
[Result "1/2-1/2"]
[WhiteElo "2446"]
[BlackElo "2440"]
[EventDate "2002.11.15"]

1. Nf3 f5 2. d4 Nf6 3. c4 g6 4. g3 Bg7 5. Bg2 O-O 6. O-O d6 7. Nc3 Nc6 8.
d5 Na5 9. Qa4 c5 10. dxc6 Nxc6 11. Rd1 Kh8 12. c5 d5 13. Bf4 Be6 14. Rac1
Bg8 15. Ne5 Qc8 16. b4 Ne4 17. Nxe4 fxe4 18. Nxc6 bxc6 19. b5 Qf5 20. Rf1
g5 21. Bd2 cxb5 22. Qxb5 Rab8 23. Qa5 Rb2 24. c6 Be6 25. Bc3 Rxe2 26. Bxg7+
Kxg7 27. Qxa7 Qf6 28. c7 d4 29. Qb7 Bc8 30. Qd5 d3 31. Rcd1 e6 32. Qc4 Qe5
33. Kh1 Rfxf2 34. Rxf2 Rxf2 35. Qxe4 Qxe4 36. Bxe4 d2 37. Kg1 Re2 38. Bf3
Re3 1/2-1/2

[Event "WYb18"]
[Site "Heraklio GRE"]
[Date "2002.11.18"]
[Round "5"]
[White "Grachev,B"]
[Black "Cornette,M"]
[Result "1/2-1/2"]
[WhiteElo "2489"]
[BlackElo "2355"]
[EventDate "2002.11.15"]

1. d4 d5 2. c4 c6 3. Nf3 Nf6 4. Nc3 a6 5. e3 b5 6. b3 Bg4 7. Be2 Nbd7 8.
O-O e6 9. h3 Bh5 10. Bb2 Be7 11. Ne5 Bxe2 12. Nxe2 Nxe5 13. dxe5 Nd7 14.
cxd5 cxd5 15. Rc1 O-O 16. Nd4 Qb6 17. Rc6 Qb7 18. Qc2 Rfc8 19. Rc1 Rxc6 20.
Qxc6 Qxc6 21. Nxc6 Bc5 22. Bd4 Ba3 23. Rc2 Kf8 24. Na5 Bb4 25. Nb7 Ke8 26.
f4 f6 27. Rc6 fxe5 28. fxe5 Ke7 29. Nd6 Be1 30. Nc8+ Kf7 31. Kh2 h5 32. g3
g5 33. Kg2 h4 34. gxh4 gxh4 35. Rc7 Ke8 36. Kf3 a5 37. Nd6+ Kd8 38. Nxb5
Rb8 39. a4 Bg3 40. Ke2 Nxe5 41. Rg7 Nd7 42. Bc3 Ke8 43. Bxa5 Nc5 44. Be1
Kf8 45. Bxg3 hxg3 46. Rxg3 Nxb3 47. h4 Nc5 48. Rg4 Nxa4 49. Rxa4 Rxb5 50.
Kf3 Rb1 51. Kf4 Rh1 52. Ke5 Rh3 53. Kf6 Rf3+ 54. Kxe6 Rxe3+ 55. Kf6 Rf3+
56. Ke5 Kf7 1/2-1/2

[Event "WYb18"]
[Site "Heraklio GRE"]
[Date "2002.11.18"]
[Round "5"]
[White "Shanava,K"]
[Black "Petrosian,TL"]
[Result "0-1"]
[WhiteElo "2412"]
[BlackElo "2324"]
[EventDate "2002.11.15"]

1. e4 c5 2. Nf3 d6 3. d4 cxd4 4. Nxd4 Nf6 5. Nc3 g6 6. Be3 Bg7 7. f3 O-O 8.
Qd2 Nc6 9. O-O-O d5 10. Nxc6 bxc6 11. Bh6 Bxh6 12. Qxh6 e5 13. h4 d4 14. h5
Be6 15. g4 Qe7 16. Ne2 Bxg4 17. fxg4 Nxg4 18. Qd2 Nf2 19. Bg2 Nxd1 20. Kxd1
c5 21. Ng3 c4 22. Bf1 Rac8 23. Qh6 Kh8 24. hxg6 fxg6 25. Qxg6 c3 26. Nf5
cxb2 0-1